[Event "10th Dolomiti Open 2019"]
[Site "Forni di Sopra"]
[Date "2019.06.18"]
[Round "4.10"]
[White "Kumar, Nikhil"]
[Black "Low, Zhen Yu Cyrus"]
[Result "0-1"]
[WhiteElo "2257"]
[BlackElo "2443"]
[Annotator "NA"]
[PlyCount "57"]
[EventDate "2019.06.15"]
[EventType "swiss"]
[EventCountry "ITA"]
[SourceTitle "playchess.com"]
[Source "ChessBase"]
[SourceQuality "1"]
[TimeControl "40/5400+30:1800+30"]

1. d4 {[%emt 0:00:36]} d5 {[%emt 0:00:00]} 2. c4 {[%emt 0:00:09]} e6 {[%emt 0:00:00]} 3. Nf3 {[%emt 0:00:13]} Nf6 {[%emt 0:00:00]} 4. g3 {[%emt 0:00:07]} dxc4 {[%emt 0:00:00]} 5. Bg2 {[%emt 0:00:09]} Nc6 {[%emt 0:00:03]} 6. Qa4 {[%emt 0:00:48]} Bb4+ {[%emt 0:00:09]} 7. Bd2 {[%emt 0:00:06]} Nd5 {[%emt 0:00:05]} 8. Bxb4 {[%emt 0:06:13]} Ndxb4 {[%emt 0:00:08]} 9. a3 {[%emt 0:03:40]} b5 {[%emt 0:00:10]} 10. Qxb5 {[%emt 0:05:28]} Nc2+ {[%emt 0:00:08]} 11. Kf1 {[%emt 0:01:02]} Bd7 {[%emt 0:00:19]} 12. Qxc4 {[%emt 0:07:21]} Nxa1 {[%emt 0:01:16]} 13. Nbd2 {[%emt 0:00:41]} Rb8 {[%emt 0:11:32]} 14. Qc3 {[%emt 0:11:44]} Qe7 {[%emt 0:08:31]} 15. Ne1 {[%emt 0:10:23]} Rb6 {[%emt 0:18:17]} 16. Nd3 {[%emt 0:15:19]} O-O {[%emt 0:10:37]} 17. b4 {[%emt 0:02:04]} Nc2 {[%emt 0:00:10]} 18. Qxc2 {[%emt 0:02:05]} Nxd4 {[%emt 0:00:06]} 19. Qxc7 {[%emt 0:01:05]} Rc8 {[%emt 0:08:18]} 20. Qxa7 {[%emt 0:04:03]} Qd8 {[%emt 0:00:07]} 21. Be4 {[%emt 0:09:12]} Nc6 {[%emt 0:04:34]} 22. Qa4 {[%emt 0:00:05]} Nxb4 {[%emt 0:00:11]} 23. Qd1 {[%emt 0:09:28]} Nxd3 {[%emt 0:00:07]} 24. Bxd3 {[%emt 0:00:24]} Bb5 {[%emt 0:05:09]} 25. Bxb5 {[%emt 0:02:14]} Rxb5 {[%emt 0:00:05]} 26. Qa4 {[%emt 0:00:17]} Rb2 {[%emt 0:07:26]} 27. Nc4 {[%emt 0:03:59]} Rb1+ {[%emt 0:00:11]} 28. Kg2 {[%emt 0:00:05]} Rxh1 {[%emt 0:00:05]} 29. Kf3 {[%emt 0:05:30]} 0-1

[Event "10th Dolomiti Open 2019"]
[Site "Forni di Sopra"]
[Date "2019.06.18"]
[Round "5.1"]
[White "Ruiz Miguel, Santos"]
[Black "Martinez Alcantara, J."]
[Result "1/2-1/2"]
[WhiteElo "2557"]
[BlackElo "2583"]
[Annotator "ChessBase"]
[PlyCount "32"]
[EventDate "2019.06.15"]
[EventType "swiss"]
[EventCountry "ITA"]
[SourceTitle "playchess.com"]
[Source "ChessBase"]
[SourceQuality "1"]
[TimeControl "40/5400+30:1800+30"]

1. d4 {[%emt 0:00:00]} Nf6 {[%emt 0:00:05]} 2. c4 {[%emt 0:00:00]} e6 {[%emt 0:00:02]} 3. Nc3 {[%emt 0:00:00]} Bb4 {[%emt 0:00:04]} 4. Qc2 {[%emt 0:00:00]} O-O {[%emt 0:05:26]} 5. e4 {[%emt 0:00:07]} d5 {[%emt 0:00:05]} 6. e5 {[%emt 0:00:03]} Ne4 {[%emt 0:00:15]} 7. Nf3 {[%emt 0:00:04]} c5 {[%emt 0:02:05]} 8. Bd3 {[%emt 0:00:22]} cxd4 {[%emt 0:00:41]} 9. Nxd4 {[%emt 0:00:09]} Nd7 {[%emt 0:00:58]} 10. Bf4 {[%emt 0:00:17]} Bxc3+ {[%emt 0:00:39]} 11. bxc3 {[%emt 0:00:08]} Ndc5 {[%emt 0:00:05]} 12. O-O {[%emt 0:00:25]} Nxd3 {[%emt 0:08:44]} 13. Qxd3 {[%emt 0:00:13]} Qd7 {[%emt 0:13:43]} 14. Rfe1 {[%emt 0:10:09]} b6 {[%emt 0:14:15]} 15. cxd5 {[%emt 0:06:55]} exd5 {[%emt 0:00:10]} 16. h3 {[%emt 0:03:11]} Qa4 {[%emt 0:05:00]} 1/2-1/2

[Event "10th Dolomiti Open 2019"]
[Site "Forni di Sopra"]
[Date "2019.06.18"]
[Round "5.2"]
[White "Sonis, Francesco"]
[Black "Ivanchuk, Vassily"]
[Result "1/2-1/2"]
[WhiteElo "2494"]
[BlackElo "2691"]
[Annotator "TA"]
[PlyCount "51"]
[EventDate "2019.06.15"]
[EventType "swiss"]
[EventCountry "ITA"]
[SourceTitle "playchess.com"]
[Source "ChessBase"]
[SourceQuality "1"]

{[%evp 14,51,18,0,0,0,14,9,14,20,19,0,0,0,0,0,4,0,16,0,19,25,12,13,62,75,71,56,54,56,61,47,33,37,35,0,40,0,43,0]} 1. d4 e6 $146 ({Predecessor:} 1... Nf6 2. c4 {1-0 (31) Svane,R (2595)-Gelfand,B (2701) Douglas 2018}) 2. c4 Nf6 3. g3 c5 4. Nf3 cxd4 5. Nxd4 Qc7 6. Nc3 a6 7. Bg2 Qxc4 8. O-O Nc6 {A32: Symmetrical English: 2 Nf3 Nf6 3 d4 cxd4 4 Nxd4 e6} 9. Nb3 d5 10. Bf4 Be7 {The position is equal.} 11. Rc1 {[#] Nxd5 is the strong threat.} Qb4 12. a3 Qb6 13. e4 dxe4 14. Be3 Qc7 15. Nc5 O-O 16. N5xe4 Bd7 17. Nxf6+ Bxf6 18. Na4 {Black should prevent Bb6.} Rad8 19. Bb6 Qb8 20. Nc5 Bc8 21. Bxd8 Rxd8 22. Qb3 {[#] Black must now prevent Bxc6.} Nd4 23. Qe3 Nf5 24. Qb3 Nd4 25. Qe3 Nf5 26. Qb3 {Accuracy: White = 74%, Black = 69%.} 1/2-1/2

[Event "10th Dolomiti Open 2019"]
[Site "Forni di Sopra"]
[Date "2019.06.18"]
[Round "5.3"]
[White "Sarkar, Justin"]
[Black "Deac Bogdan-Daniel"]
[Result "0-1"]
[WhiteElo "2359"]
[BlackElo "2623"]
[Annotator "RC"]
[PlyCount "90"]
[EventDate "2019.06.15"]
[EventType "swiss"]
[EventCountry "ITA"]
[SourceTitle "playchess.com"]
[Source "ChessBase"]
[SourceQuality "1"]
[TimeControl "40/5400+30:1800+30"]

1. d4 {[%emt 0:09:56]} Nf6 {[%emt 0:00:22]} 2. c4 {[%emt 0:00:25]} g6 {[%emt 0:00:02]} 3. Nc3 {[%emt 0:00:20]} d5 {[%emt 0:00:03]} 4. cxd5 {[%emt 0:08:37]} Nxd5 {[%emt 0:00:03]} 5. e4 {[%emt 0:00:10]} Nxc3 {[%emt 0:00:04]} 6. bxc3 {[%emt 0:00:04]} Bg7 {[%emt 0:00:02]} 7. Bb5+ {[%emt 0:00:20]} c6 {[%emt 0:00:26]} 8. Ba4 {[%emt 0:00:06]} O-O {[%emt 0:13:18]} 9. Ne2 {[%emt 0:00:14]} c5 {[%emt 0:00:23]} 10. O-O {[%emt 0:03:01]} Nc6 {[%emt 0:02:15]} 11. Bxc6 {[%emt 0:06:16]} bxc6 {[%emt 0:00:02]} 12. Ba3 {[%emt 0:00:16]} cxd4 {[%emt 0:00:58]} 13. Nxd4 {[%emt 0:02:03]} Qc7 {[%emt 0:04:20]} 14. Qa4 {[%emt 0:03:21]} Bd7 {[%emt 0:00:12]} 15. Qc4 {[%emt 0:06:35]} Rfc8 {[%emt 0:00:15]} 16. Bc5 {[%emt 0:02:51]} e5 {[%emt 0:04:20]} 17. Nc2 {[%emt 0:05:26]} Qa5 {[%emt 0:01:17]} 18. Qb4 {[%emt 0:04:08]} Qa6 {[%emt 0:00:31]} 19. c4 {[%emt 0:06:41]} Be6 {[%emt 0:10:32]} 20. Ne3 {[%emt 0:01:12]} Rab8 {[%emt 0:00:28]} 21. Qc3 {[%emt 0:00:36]} Rd8 {[%emt 0:00:18]} 22. f3 {[%emt 0:05:50]} f5 {[%emt 0:09:53]} 23. Rfc1 {[%emt 0:01:02]} Rd7 {[%emt 0:00:20]} 24. a4 {[%emt 0:04:19]} Rbd8 {[%emt 0:16:40]} 25. a5 {[%emt 0:00:50]} h5 {[%emt 0:03:14]} 26. Ra2 {[%emt 0:05:40]} Kh7 {[%emt 0:10:23]} 27. Re2 {[%emt 0:04:29]} Rd3 {[%emt 0:04:55]} 28. Qb4 {[%emt 0:00:12]} R8d7 {[%emt 0:02:37]} 29. exf5 {[%emt 0:04:25]} gxf5 {[%emt 0:00:05]} 30. Nf1 {[%emt 0:01:42]} Kg6 {[%emt 0:01:10]} 31. Qe1 {[%emt 0:05:38]} Bxc4 {[%emt 0:06:01]} 32. Qg3+ {[%emt 0:01:13]} Kh7 {[%emt 0:00:41]} 33. Rxe5 {[%emt 0:01:38]} Bxe5 {[%emt 0:06:42]} 34. Qxe5 {[%emt 0:00:03]} Bf7 {[%emt 0:00:24]} 35. Qxf5+ {[%emt 0:02:45]} Bg6 {[%emt 0:00:03]} 36. Qf6 {[%emt 0:02:14]} Qxa5 {[%emt 0:00:29]} 37. Qxc6 {[%emt 0:00:43]} Qc7 {[%emt 0:02:36]} 38. Qf6 {[%emt 0:01:35]} Rf7 {[%emt 0:02:00]} 39. Qe6 {[%emt 0:00:24]} a5 {[%emt 0:00:31]} 40. Ne3 {[%emt 0:02:06]} Qf4 {[%emt 0:00:33]} 41. Rc4 {[%emt 0:30:25]} Qg5 {[%emt 0:05:13]} 42. f4 {[%emt 0:00:32]} Rxf4 {[%emt 0:06:11]} 43. Be7 {[%emt 0:00:23]} Qh6 {[%emt 0:00:13]} 44. Rc7 {[%emt 0:00:34]} Qg7 {[%emt 0:01:36]} 45. Bd6 {[%emt 0:00:37]} Rf7 {[%emt 0:00:07]} 0-1

[Event "10th Dolomiti Open 2019"]
[Site "Forni di Sopra"]
[Date "2019.06.18"]
[Round "5.4"]
[White "Low Zhen Yu Cyrus"]
[Black "Dreev, Aleksey"]
[Result "0-1"]
[WhiteElo "2443"]
[BlackElo "2657"]
[Annotator "TA"]
[PlyCount "98"]
[EventDate "2019.06.15"]
[EventType "swiss"]
[EventCountry "ITA"]
[SourceTitle "playchess.com"]
[Source "ChessBase"]
[SourceQuality "1"]

{[%evp 13,98,8,9,11,18,10,0,0,14,-11,-1,-27,-29,-36,-22,-31,-18,-25,-23,-25,-20,-33,-27,-29,-13,-37,-34,-54,-41,-43,-54,-18,-10,-39,-41,-54,-8,-42,-29,-31,-22,-62,-14,-14,-8,-15,0,-6,0,0,0,0,0,0,0,-12,0,-17,0,-7,-8,-6,-5,-71,-70,-696,-681,-710,-710,-679,-685,-675,-590,-738,-717,-875,-871,-810,-806,-693,-675,-668,-667,-5014,-4922,-5061,-1031]} 1. e4 c6 2. Nc3 d5 3. Nf3 Bg4 4. h3 Bxf3 5. Qxf3 e6 6. g3 Nf6 7. Bg2 Bb4 8. O-O {B11: Caro-Kann: Two Knights Variation} Nbd7 9. d3 O-O 10. Ne2 {The position is equal.} Bd6 11. Qe3 $146 ({Predecessor:} 11. Nf4 a5 12. a4 Qc7 13. h4 Rfb8 14. Qe2 e5 15. Nh5 Nxh5 16. Qxh5 d4 17. Bh3 Nc5 18. f4 f6 19. b3 b5 20. Ba3 Re8 21. Bxc5 {½-½ (21) Ljubojevic,L (2580)-Karpov,A (2780) Linares 1995}) 11... Re8 12. Kh2 e5 13. Bd2 Nc5 14. Rad1 Qb6 15. Bc1 Rad8 16. exd5 cxd5 17. Rfe1 Qa6 18. a3 Ne6 19. Ng1 Bc5 20. Qd2 {[#]} e4 $1 {[%mdl 512]} 21. b4 (21. dxe4 Nxe4) 21... Bd4 22. c3 Be5 23. dxe4 (23. Qc2 {looks sharper.} Qc6 24. Ne2 b5 25. Qb1 Bc7 26. Be3) 23... dxe4 24. Qe3 h5 (24... Rc8 {with more complications.} 25. Bb2 Nc7 26. Qd2 Nb5 27. Bf1 Qa4) 25. Bxe4 Nxe4 26. Qxe4 Bxc3 27. Rf1 Bf6 (27... Nd4 $5 {[%cal Re8e4]} 28. Qd3 Qc6 $15) 28. Qe2 Qxe2 29. Nxe2 b5 30. Be3 a6 31. Kg2 g6 32. Kf3 g5 33. Nc1 Bb2 34. Rd3 Rc8 35. Rfd1 Rc2 36. Rd6 Bxa3 37. Rxa6 Bxb4 38. Rb6 (38. Nd3 $11 Be7 39. Rb6) 38... Bc5 $1 $36 {[%mdl 2048] Black is pushing.} 39. Rxb5 $2 {[%mdl 8192] [#]} (39. Rc6 $15) 39... g4+ $1 $19 {[%mdl 512] Black is clearly winning.} 40. hxg4 {[#]} Ng5+ $1 {[%mdl 512]} 41. Kg2 (41. Bxg5 Rxf2#) 41... Bxe3 42. Nd3 hxg4 43. Kf1 {White hopes to continue with Re1.} Nh3 44. fxe3 Rxe3 45. Rb2 Rxb2 46. Nxb2 Rxg3 {...Rg1+ is the strong threat.} 47. Rd8+ Kg7 48. Nd3 Rf3+ 49. Ke2 {[#]} Nf4+ {Accuracy: White = 42%, Black = 57%.} (49... Rxd3 $142 $1 50. Kxd3 (50. Rxd3 Nf4+) 50... g3) 0-1

[Event "10th Dolomiti Open 2019"]
[Site "Forni di Sopra"]
[Date "2019.06.18"]
[Round "5.5"]
[White "Mareco, Sandro"]
[Black "Di Benedetto, Edoardo"]
[Result "1-0"]
[WhiteElo "2643"]
[BlackElo "2409"]
[Annotator "TA"]
[PlyCount "71"]
[EventDate "2019.06.15"]
[EventType "swiss"]
[EventCountry "ITA"]
[SourceTitle "playchess.com"]
[Source "ChessBase"]
[SourceQuality "1"]

{[%evp 12,71,17,0,2,0,0,-6,0,0,14,0,8,4,88,79,85,76,68,68,86,70,79,76,62,53,151,100,81,87,110,102,98,102,122,118,189,188,314,164,202,202,209,189,232,283,251,210,372,364,354,345,334,336,361,356,1732,1480,29988,29989,29969,4]} 1. d4 d5 2. c4 e6 3. Nc3 Be7 4. cxd5 exd5 5. Bf4 c6 6. Qc2 Bd6 7. Bg3 Ne7 {D31: Queen's Gambit Declined: Semi-Slav without ...Nf6 (+ Marshall Gambit and Noteboom) and Exchange Variation lines without ...Nf6} 8. Nf3 (8. e3 Bf5 9. Bd3 Bxd3 10. Qxd3 O-O 11. Nf3 Re8 12. Ng5 g6 13. Bxd6 Qxd6 14. h4 Qf6 15. O-O-O {½-½ (59) Dreev,A (2710)-Jakovenko,D (2729) Apatity 2011}) 8... Bf5 9. Qd2 O-O {The position is equal.} 10. e3 Bg6 $146 ({Predecessor:} 10... Ng6 11. Be2 Re8 12. O-O Bxg3 13. hxg3 Nd7 14. b4 h5 15. b5 {0-1 (38) Baburin,A (2548)-King,D (2497) West Bromwich 2004}) 11. Ne5 Nf5 12. Nxg6 Nxg3 (12... fxg6 $11 13. Bd3 Nxg3 14. hxg3 Qb6) 13. hxg3 $16 fxg6 14. e4 Bb4 15. e5 Nd7 16. f4 c5 17. a3 Bxc3 18. bxc3 Qa5 (18... cxd4 $14 19. cxd4 (19. Qxd4 Qa5 $14) 19... Rc8) 19. Be2 (19. c4 $142 $1 Qxd2+ 20. Kxd2) 19... Nb6 20. Bg4 {Hoping for Be6+.} Rfe8 21. dxc5 Qxc5 22. Qd4 Qc6 23. a4 h5 (23... Re7 $16 {was worth a try.}) 24. Bf3 $18 {Black must now prevent a5.} Red8 (24... Rad8 $142 25. Kf2 Nc8) 25. O-O (25. a5 $142 Nc8 26. c4 $1 {[%mdl 512]}) 25... Nc8 26. Rfc1 Ne7 27. c4 {Threatens to win with cxd5.} Qe6 28. cxd5 Nxd5 29. Rab1 b6 $2 (29... Ne7 30. Qf2 Nf5) 30. Rd1 Ne7 31. Qxd8+ Rxd8 32. Rxd8+ Kh7 33. Rbd1 Nf5 $2 (33... Qc4 34. Rf8 g5) 34. Rf8 {Threatening mate with Rdd8.} Nxg3 35. Rdd8 {[%csl Gd8][%cal Rf8h8]} g5 {[#]} 36. Rh8+ $2 {[%mdl 32768] Accuracy: White = 67%, Black = 39%. . Loss on time!?} (36. f5 $1 {[%mdl 512] mates} Qxf5 (36... Nxf5 37. Rh8+) 37. Rxf5 Nxf5 {[#]} 38. Be4 $1 {[%mdl 512]} g6 39. Bxf5 Kg7 40. Rd7+ {[%mdl 64] Double Attack} Kh6 41. e6) 1-0

[Event "10th Dolomiti Open 2019"]
[Site "Forni di Sopra"]
[Date "2019.06.18"]
[Round "5.6"]
[White "Favaloro, Andrea"]
[Black "Cruz, Cristhian"]
[Result "0-1"]
[WhiteElo "2337"]
[BlackElo "2561"]
[Annotator "ChessBase"]
[PlyCount "59"]
[EventDate "2019.06.15"]
[EventType "swiss"]
[EventCountry "ITA"]
[SourceTitle "playchess.com"]
[Source "ChessBase"]
[SourceQuality "1"]
[TimeControl "40/5400+30:1800+30"]

1. Nf3 {[%emt 0:00:00]} Nf6 {[%emt 0:01:01]} 2. g3 {[%emt 0:00:00]} b6 {[%emt 0:01:39]} 3. Bg2 {[%emt 0:00:17]} Bb7 {[%emt 0:00:04]} 4. O-O {[%emt 0:00:10]} c5 {[%emt 1:29:16]} 5. c4 {[%emt 0:00:12]} g6 {[%emt 0:00:00]} 6. Nc3 {[%emt 0:00:21]} Bg7 {[%emt 0:00:00]} 7. Re1 {[%emt 0:00:12]} Ne4 {[%emt 0:00:00]} 8. Nxe4 {[%emt 0:01:28]} Bxe4 {[%emt 0:00:00]} 9. d4 {[%emt 0:00:09]} cxd4 {[%emt 0:00:00]} 10. Bh6 {[%emt 0:00:17]} Bxh6 {[%emt 0:00:00]} 11. Qxd4 {[%emt 0:00:05]} O-O {[%emt 0:00:00]} 12. Qxe4 {[%emt 0:00:05]} Nc6 {[%emt 0:00:00]} 13. Rad1 {[%emt 0:02:59]} Rc8 {[%emt 0:00:00]} 14. b3 {[%emt 0:00:17]} Bg7 {[%emt 0:00:00]} 15. e3 {[%emt 0:00:24]} d6 {[%emt 0:00:00]} 16. Nd4 {[%emt 0:00:55]} Nxd4 {[%emt 0:00:00]} 17. exd4 {[%emt 0:00:06]} e6 {[%emt 0:00:00]} 18. h4 {[%emt 0:06:20]} b5 {[%emt 0:00:00]} 19. cxb5 {[%emt 0:03:33]} d5 {[%emt 0:00:00]} 20. Qd3 {[%emt 0:02:17]} Qa5 {[%emt 0:00:00]} 21. Rd2 {[%emt 0:03:02]} Rc3 {[%emt 0:00:00]} 22. Qe2 {[%emt 0:00:21]} Rfc8 {[%emt 0:00:00]} 23. Kh2 {[%emt 0:08:37]} Bh6 {[%emt 0:00:00]} 24. f4 {[%emt 0:00:18]} Bf8 {[%emt 0:00:00]} 25. Bh3 {[%emt 0:00:40]} R3c7 {[%emt 0:00:00]} 26. Red1 {[%emt 0:09:50]} Bb4 {[%emt 0:00:00]} 27. Rb2 {[%emt 0:04:44]} Ba3 {[%emt 0:00:00]} 28. Rbd2 {[%emt 0:04:18]} Bc1 {[%emt 0:00:00]} 29. h5 {[%emt 0:00:44]} Bxd2 {[%emt 0:00:00]} 30. Rxd2 {[%emt 0:00:04]} 0-1

[Event "10th Dolomiti Open 2019"]
[Site "Forni di Sopra"]
[Date "2019.06.18"]
[Round "5.7"]
[White "Ranaldi, Lucas"]
[Black "Basso Pier, Luigi"]
[Result "0-1"]
[WhiteElo "2237"]
[BlackElo "2539"]
[Annotator "ChessBase"]
[PlyCount "38"]
[EventDate "2019.06.15"]
[EventType "swiss"]
[EventCountry "ITA"]
[SourceTitle "playchess.com"]
[Source "ChessBase"]
[SourceQuality "1"]
[TimeControl "40/5400+30:1800+30"]

1. c4 {[%emt 0:01:02]} c6 {[%emt 0:04:34]} 2. Nf3 {[%emt 0:00:12]} d5 {[%emt 0:01:56]} 3. e3 {[%emt 0:00:18]} Nf6 {[%emt 0:00:11]} 4. Nc3 {[%emt 0:00:23]} e6 {[%emt 0:00:19]} 5. b3 {[%emt 0:01:01]} Bd6 {[%emt 0:00:05]} 6. Bb2 {[%emt 0:00:25]} O-O {[%emt 0:00:07]} 7. d4 {[%emt 0:00:31]} Nbd7 {[%emt 0:00:12]} 8. Be2 {[%emt 0:00:29]} b6 {[%emt 0:00:06]} 9. O-O {[%emt 0:00:18]} Bb7 {[%emt 0:00:02]} 10. Qc2 {[%emt 0:00:24]} Qe7 {[%emt 0:00:34]} 11. Rad1 {[%emt 0:00:54]} Rad8 {[%emt 0:00:16]} 12. Rfe1 {[%emt 0:00:31]} Rfe8 {[%emt 0:00:06]} 13. Bf1 {[%emt 0:01:33]} e5 {[%emt 0:02:52]} 14. cxd5 {[%emt 0:00:08]} e4 {[%emt 0:01:30]} 15. dxc6 {[%emt 0:00:05]} exf3 {[%emt 0:00:36]} 16. cxb7 {[%emt 1:02:26]} Bxh2+ {[%emt 0:00:16]} 17. Kxh2 {[%emt 0:00:06]} Qd6+ {[%emt 0:01:17]} 18. Kh3 {[%emt 0:02:40]} Re5 {[%emt 0:01:01]} 19. g4 {[%emt 0:21:49]} Qe6 {[%emt 0:01:50]} 0-1

[Event "10th Dolomiti Open 2019"]
[Site "Forni di Sopra"]
[Date "2019.06.18"]
[Round "5.8"]
[White "Castellanos, Rodrigue"]
[Black "Sgircea Silvia-Raluc"]
[Result "1-0"]
[WhiteElo "2511"]
[BlackElo "2256"]
[Annotator "ChessBase"]
[PlyCount "57"]
[EventDate "2019.06.15"]
[EventType "swiss"]
[EventCountry "ITA"]
[SourceTitle "playchess.com"]
[Source "ChessBase"]
[SourceQuality "1"]
[TimeControl "40/5400+30:1800+30"]

1. e4 {[%emt 0:00:46]} c5 {[%emt 0:00:00]} 2. Nf3 {[%emt 0:00:10]} Nc6 {[%emt 0:00:00]} 3. Bb5 {[%emt 0:00:07]} g6 {[%emt 0:00:25]} 4. O-O {[%emt 0:00:08]} Bg7 {[%emt 0:00:03]} 5. Re1 {[%emt 0:00:21]} Nf6 {[%emt 0:01:56]} 6. c3 {[%emt 0:00:45]} O-O {[%emt 0:00:47]} 7. h3 {[%emt 0:00:10]} a6 {[%emt 0:08:55]} 8. Bf1 {[%emt 0:04:28]} d6 {[%emt 0:01:49]} 9. d4 {[%emt 0:01:28]} cxd4 {[%emt 0:22:17]} 10. cxd4 {[%emt 0:00:07]} b5 {[%emt 0:03:10]} 11. Nbd2 {[%emt 0:07:38]} Bb7 {[%emt 0:02:54]} 12. d5 {[%emt 0:02:22]} Na5 {[%emt 0:00:56]} 13. Rb1 {[%emt 0:04:36]} Rc8 {[%emt 0:01:16]} 14. b3 {[%emt 0:00:57]} Nd7 {[%emt 0:10:30]} 15. Bb2 {[%emt 0:08:12]} Bxb2 {[%emt 0:03:34]} 16. Rxb2 {[%emt 0:00:25]} b4 {[%emt 0:00:21]} 17. Nd4 {[%emt 0:01:48]} Qb6 {[%emt 0:00:40]} 18. N2f3 {[%emt 0:02:01]} Ne5 {[%emt 0:04:01]} 19. Qd2 {[%emt 0:02:05]} Kg7 {[%emt 0:03:51]} 20. Nh4 {[%emt 0:03:16]} Rc3 {[%emt 0:04:28]} 21. Rc2 {[%emt 0:06:38]} Rxc2 {[%emt 0:09:13]} 22. Nxc2 {[%emt 0:00:17]} h6 {[%emt 0:00:13]} 23. Re3 {[%emt 0:09:17]} Rc8 {[%emt 0:01:25]} 24. Nd4 {[%emt 0:02:42]} Qc5 {[%emt 0:04:00]} 25. Nhf3 {[%emt 0:14:48]} Rc7 {[%emt 0:04:01]} 26. Ne1 {[%emt 0:02:08]} Bc8 {[%emt 0:06:53]} 27. Nec2 {[%emt 0:00:52]} Nb7 {[%emt 0:01:19]} 28. Bxa6 {[%emt 0:05:34]} Qa5 {[%emt 0:00:50]} 29. Nxb4 {[%emt 0:01:19]} 1-0

[Event "10th Dolomiti Open 2019"]
[Site "Forni di Sopra"]
[Date "2019.06.18"]
[Round "5.9"]
[White "Eugene, Floryan"]
[Black "Valsecchi, Alessio"]
[Result "0-1"]
[WhiteElo "2304"]
[BlackElo "2504"]
[Annotator "ChessBase"]
[PlyCount "115"]
[EventDate "2019.06.15"]
[EventType "swiss"]
[EventCountry "ITA"]
[SourceTitle "playchess.com"]
[Source "ChessBase"]
[SourceQuality "1"]
[TimeControl "40/5400+30:1800+30"]

1. e4 {[%emt 0:03:44]} e6 {[%emt 0:00:07]} 2. d4 {[%emt 0:01:09]} d5 {[%emt 0:00:04]} 3. Nd2 {[%emt 0:00:05]} Be7 {[%emt 0:01:56]} 4. Ngf3 {[%emt 0:01:12]} Nf6 {[%emt 0:00:07]} 5. e5 {[%emt 0:00:10]} Nfd7 {[%emt 0:00:10]} 6. Bd3 {[%emt 0:03:16]} c5 {[%emt 0:00:06]} 7. c3 {[%emt 0:00:01]} b6 {[%emt 0:00:07]} 8. Qe2 {[%emt 0:08:04]} Nc6 {[%emt 0:01:16]} 9. a3 {[%emt 0:06:12]} a5 {[%emt 0:02:08]} 10. Nf1 {[%emt 0:08:28]} a4 {[%emt 0:15:08]} 11. Bb5 {[%emt 0:07:11]} Ndb8 {[%emt 0:08:02]} 12. Qd1 {[%emt 0:02:04]} Bd7 {[%emt 0:00:06]} 13. Bxa4 {[%emt 0:04:09]} Nxe5 {[%emt 0:08:22]} 14. Bxd7+ {[%emt 0:05:06]} Nexd7 {[%emt 0:00:09]} 15. Bf4 {[%emt 0:00:53]} Nc6 {[%emt 0:02:07]} 16. Ne3 {[%emt 0:01:51]} c4 {[%emt 0:05:21]} 17. Qc2 {[%emt 0:03:43]} b5 {[%emt 0:03:23]} 18. Rd1 {[%emt 0:00:58]} O-O {[%emt 0:00:24]} 19. h4 {[%emt 0:05:02]} Nf6 {[%emt 0:06:57]} 20. Ng5 {[%emt 0:08:18]} Bd6 {[%emt 0:05:58]} 21. Ng4 {[%emt 0:06:17]} Ne4 {[%emt 0:00:50]} 22. Bxd6 {[%emt 0:02:17]} Qxd6 {[%emt 0:00:23]} 23. Nxe4 {[%emt 0:11:01]} dxe4 {[%emt 0:00:37]} 24. Ne3 {[%emt 0:00:50]} f5 {[%emt 0:00:42]} 25. Qe2 {[%emt 0:00:07]} Ne7 {[%emt 0:03:35]} 26. g3 {[%emt 0:02:15]} Nd5 {[%emt 0:06:06]} 27. Nxd5 {[%emt 0:01:09]} exd5 {[%emt 0:00:39]} 28. Kd2 {[%emt 0:03:44]} f4 {[%emt 0:00:32]} 29. g4 {[%emt 0:00:27]} e3+ {[%emt 0:01:20]} 30. fxe3 {[%emt 0:00:47]} fxe3+ {[%emt 0:00:16]} 31. Kc1 {[%emt 0:00:45]} Rae8 {[%emt 0:06:35]} 32. Rdf1 {[%emt 0:02:26]} Qg3 {[%emt 0:01:17]} 33. h5 {[%emt 0:00:36]} Re4 {[%emt 0:03:44]} 34. Rxf8+ {[%emt 0:00:47]} Kxf8 {[%emt 0:00:02]} 35. Rf1+ {[%emt 0:00:51]} Kg8 {[%emt 0:02:35]} 36. Re1 {[%emt 0:01:15]} h6 {[%emt 0:00:39]} 37. Kd1 {[%emt 0:00:30]} Qf4 {[%emt 0:00:56]} 38. Rg1 {[%emt 0:00:27]} Re8 {[%emt 0:02:17]} 39. Re1 {[%emt 0:00:22]} Qe4 {[%emt 0:01:12]} 40. Kc1 {[%emt 0:00:04]} Re6 {[%emt 0:03:57]} 41. Rf1 {[%emt 0:31:18]} b4 {[%emt 0:39:00]} 42. Qc2 {[%emt 0:00:00]} bxa3 {[%emt 0:00:00]} 43. Qxe4 {[%emt 0:00:00]} axb2+ {[%emt 0:00:00]} 44. Kxb2 {[%emt 0:00:00]} Rxe4 {[%emt 0:00:00]} 45. Re1 {[%emt 0:00:00]} Kf7 {[%emt 0:00:00]} 46. Ka3 {[%emt 0:00:00]} Ke6 {[%emt 0:00:00]} 47. Kb4 {[%emt 0:00:00]} Kd6 {[%emt 0:00:00]} 48. Ka5 {[%emt 0:00:00]} e2 {[%emt 0:00:00]} 49. Kb5 {[%emt 0:00:00]} Re3 {[%emt 0:00:00]} 50. Kb4 {[%emt 0:00:00]} Kc6 {[%emt 0:00:00]} 51. Ka4 {[%emt 0:00:00]} Rxc3 {[%emt 0:00:00]} 52. Rxe2 {[%emt 0:00:00]} Kd6 {[%emt 0:00:00]} 53. Rb2 {[%emt 0:00:00]} Rd3 {[%emt 0:00:00]} 54. Rb7 {[%emt 0:00:00]} Rxd4 {[%emt 0:00:00]} 55. Rxg7 {[%emt 0:00:00]} Rd1 {[%emt 0:00:00]} 56. Kb4 {[%emt 0:00:00]} Rb1+ {[%emt 0:00:00]} 57. Kc3 {[%emt 0:00:00]} Rb3+ {[%emt 0:00:00]} 58. Kd4 {[%emt 0:09:09] Ke5+} 0-1